Licenciado Gustavo Díaz Ordaz Destinations (Puerto Vallarta, Mexico) - Statistics

General Stats
  • This quiz has been taken 59 times
    6 since last reset
  • The average score is 2 of 8
Answer Stats
Airline Destination % Correct
Air Canada Rouge Calgary
100%
Frontier Airlines Atlanta
60%
Southwest Airlines Las Vegas
40%
Southwest Airlines San Diego
20%
Porter Airlines Hamilton (ON)
0%
Volaris Puebla
0%
Volaris San Luis Potosí
0%
Southwest Airlines St. Louis
0%
No matching quizzes found
Score Distribution
Percent of People with Each Score
Percentile by Number Answered
Your Score History
You have not taken this quiz since the last reset